000 00562nam a22002057a 4500
003 OSt
005 20140311162959.0
008 130205t xxu||||| |||| 00| 0 eng d
020 _a9710489855
050 _aKPM856 .S67 2008
_bS67 2008
082 _aKPM856
245 _aNotes in business law
_b for accountancy students and CPA reviewees
_cFidelito R. Soriano
260 _aManila
_bGIC Enterprises
_cc2008
300 _a755 p.
_c23 cm
521 _aCollege
526 _c1210L-1700L
541 _j1
562 _e1
942 _2lcc
_cBK
_kBSA-FIL
999 _c39141
_d39141